Las fuerzas físicas de la mente / (Record no. 74325)

MARC details
000 -LEADER
campo de control de longitud fija 00574nam a2200193 i 4500
001 - NÚMERO DE CONTROL
campo de control 74325
003 - IDENTIFICADOR DE NÚMERO DE CONTROL
campo de control ES-MaACL
005 - FECHA Y HORA DE LA ÚLTIMA TRANSACCIÓN
campo de control 20230906172105.0
007 - CAMPO FIJO DE DESCRIPCIÓN FÍSICA--INFORMACIÓN GENERAL
campo de control de longitud fija t|
008 - DATOS DE LONGITUD FIJA--INFORMACIÓN GENERAL
campo de control de longitud fija 040917s1971 sp ||||1| spa d
100 1# - ENTRADA PRINCIPAL--NOMBRE DE PERSONA
Nombre de persona González Quevedo, Oscar.
9 (RLIN) 58889
245 14 - MENCIÓN DEL TÍTULO
Título Las fuerzas físicas de la mente /
Mención de responsabilidad, etc. Oscar González Quevedo ; [traducción de José A. Fayós].
250 ## - MENCION DE EDICION
Mención de edición 2ª ed.
260 ## - PUBLICACIÓN, DISTRIBUCIÓN, ETC.
Lugar de publicación, distribución, etc. Santander :
Nombre del editor, distribuidor, etc. Sal Terrae,
Fecha de publicación, distribución, etc. [1971]
300 ## - DESCRIPCIÓN FÍSICA
Extensión 290 p. ;
Dimensiones 21 cm.
500 ## - NOTA GENERAL
Nota general Es el v. 1.
700 1# - ENTRADA AGREGADA--NOMBRE PERSONAL
Nombre de persona Fayós, José A.
9 (RLIN) 49029
852 ## - LOCALIZACIÓN
Ubicación ES-MaACL
Número de control de estantería C-45619
Sublocalización o colección R.77469
Holdings
Estatus retirado Estado de pérdida Estado de daño No para préstamo Biblioteca de origen Biblioteca actual Ubicación en estantería Fecha de adquisición Fuente de adquisición Total de préstamos Signatura topográfica completa Código de barras Visto por última vez Precio de reemplazo Tipo de ítem Koha
        Biblioteca del Ateneo de Madrid Biblioteca del Ateneo de Madrid Depósito 2 17/01/2008     C-45619 1077801 23/02/2023 23/02/2023 Libro impreso